000 00289nam a2200109Ia 4500
001 588676
005 20250717120836.0
008 250717s9999 xx 000 0 und d
245 0 _aY-2 SORULARLA OSMANLI İMRATORLUĞU 5
_cERHAN AFYONCU
260 _bYEDİTEPE YAYINLARI
_c2017
300 _b322
999 _c588676
_d588676